000 00577nam a2200205Ia 4500
005 20250326140941.0
008 250326s9999 xx 000 0 und d
020 _a0-13-908138-0
037 _aTextbook
040 _aFMSL
_beng
_cFMSL
041 _aeng
_2eng
084 _aX:8D.1 N8
_qFMSL
100 _aShapiro A C
_9738109
245 0 _aFoundations of multinational ficial management
_cShapiro A C
250 _a3
260 _aNew Jersey
_bNew Jersey, Prentice-Hall, Inc.
_c1998
300 _a576p
942 _cTB
_hX:8D.1 N8
999 _c1288004
_d1288004